000 00358pab a2200145 454500
008 180718b1999 xxu||||| |||| 00| 0 eng d
100 _aAshtekar, Shyam
245 _aPrimary health care: a forgotten perspective?
260 _c1999
300 _ap.143-66
362 _aOct-Dec
650 _aHealth services
773 _aManpower Journal
909 _a48226
999 _c48226
_d48226